[Event "Ruhrgebiet Verbandsbezirksliga Gr 1"]
[Site "Ruhrgebiet"]
[Date "2019.04.07"]
[Round "8.2"]
[White "Nattermueller, Matthias"]
[Black "Ruewe, Diethelm"]
[Result "1-0"]
[WhiteElo "1916"]
[BlackElo "1771"]
[PlyCount "47"]
[EventDate "2018.09.30"]
[EventType "team-tourn"]
[EventRounds "9"]
[EventCountry "GER"]
[SourceTitle "EXT 2022"]
[Source "ChessBase"]
[SourceDate "2021.10.06"]
[SourceVersion "1"]
[SourceVersionDate "2021.10.06"]
[SourceQuality "1"]
[WhiteTeam "Ahlen SV II"]
[BlackTeam "Hamm SG Caissa"]
[WhiteTeamCountry "GER"]
[BlackTeamCountry "GER"]

1. d4 c5 2. d5 d6 3. e4 e5 4. f4 f5 5. Nc3 Nf6 6. fxe5 dxe5 7. Nf3 Bd6 8. Bb5+ Nbd7 9. Ng5 f4 10. a4 a6 11. Be2 Qe7 12. a5 0-0 13. Ra4 h6 14. Ne6 Rf7 15. g4 Nxd5 16. exd5 Nf6 17. h4 Bd7 18. Bc4 Bxa4 19. Nxa4 Ne4 20. g5 Ng3 21. Rh3 e4 22. Bxf4 Bxf4 23. Nxf4 Kf8 24. Ng6+ 1-0

[Event "Ruhrgebiet Verbandsbezirksliga Gr 1"]
[Site "Ruhrgebiet"]
[Date "2019.02.10"]
[Round "6.2"]
[White "Volling, Andreas"]
[Black "Ruewe, Diethelm"]
[Result "1-0"]
[WhiteElo "1804"]
[BlackElo "1771"]
[PlyCount "89"]
[EventDate "2018.09.30"]
[EventType "team-tourn"]
[EventRounds "9"]
[EventCountry "GER"]
[SourceTitle "EXT 2022"]
[Source "ChessBase"]
[SourceDate "2021.10.06"]
[SourceVersion "1"]
[SourceVersionDate "2021.10.06"]
[SourceQuality "1"]
[WhiteTeam "Boenen SV II"]
[BlackTeam "Hamm SG Caissa"]
[WhiteTeamCountry "GER"]
[BlackTeamCountry "GER"]

1. d4 c5 2. d5 d6 3. c4 e5 4. e4 f5 5. Nc3 Nf6 6. Bd3 f4 7. g3 g5 8. h4 fxg3 9. fxg3 g4 10. Nge2 h5 11. Bd2 Be7 12. Qc2 Na6 13. a3 Nc7 14. Nd1 Bd7 15. Nec3 Rb8 16. Ne3 a6 17. 0-0 b5 18. Nf5 0-0 19. Bh6 Rf7 20. Nxe7+ Qxe7 21. Bg5 bxc4 22. Bxc4 Nb5 23. Bxb5 axb5 24. Rf2 b4 25. Ne2 b3 26. Qc1 Kh7 27. Qe3 Rg8 28. Raf1 Rg6 29. Qxb3 Be8 30. Qc2 Kg7 31. Nc3 Qa7 32. Qd2 Nh7 33. Rxf7+ Bxf7 34. Be3 Qa6 35. Rf5 Rf6 36. Rxf6 Kxf6 37. Qf2+ Kg7 38. Bh6+ Kg8 39. Qf5 Qb7 40. a4 c4 41. Nb5 Nf8 42. Qf6 Bg6 43. Qxf8+ Kh7 44. Nxd6 Qb6+ 45. Kf1 1-0

[Event "Ruhrgebiet Verbandsbezirksliga Gr 1"]
[Site "Ruhrgebiet"]
[Date "2018.10.28"]
[Round "2.2"]
[White "Mustafic, Mustafa"]
[Black "Ruewe, Diethelm"]
[Result "1/2-1/2"]
[WhiteElo "1747"]
[BlackElo "1771"]
[PlyCount "110"]
[EventDate "2018.09.30"]
[EventType "team-tourn"]
[EventRounds "9"]
[EventCountry "GER"]
[SourceTitle "EXT 2022"]
[Source "ChessBase"]
[SourceDate "2021.10.06"]
[SourceVersion "1"]
[SourceVersionDate "2021.10.06"]
[SourceQuality "1"]
[WhiteTeam "Hamm SV II"]
[BlackTeam "Hamm SG Caissa"]
[WhiteTeamCountry "GER"]
[BlackTeamCountry "GER"]

1. Nf3 d6 2. c4 h6 3. Nc3 g6 4. Qc2 Bg7 5. g3 c6 6. Nh4 e6 7. Bg2 Ne7 8. b3 0-0 9. Bb2 g5 10. Nf3 e5 11. e4 f5 12. d3 Be6 13. Nd2 Na6 14. a3 Rc8 15. b4 d5 16. cxd5 cxd5 17. Qb3 Nc7 18. Qd1 fxe4 19. dxe4 d4 20. Ne2 Nb5 21. Rc1 Qd7 22. 0-0 Nd6 23. Rxc8 Rxc8 24. Nc1 Qb5 25. Re1 a5 26. Bf1 Qb6 27. Nd3 axb4 28. axb4 Nc4 29. Bc1 Nc6 30. Nxc4 Bxc4 31. Qg4 Rc7 32. Bd2 Qb5 33. Nc5 Nd8 34. h4 b6 35. Nb3 Bxf1 36. Rxf1 Qd3 37. hxg5 hxg5 38. Bxg5 Qxb3 39. Bxd8 Rc6 40. Qd7 Qc2 41. Qd5+ Kh7 42. Kg2 Rh6 43. Bg5 Rh5 44. Bd8 Rh6 45. Qb7 Qe2 46. Bg5 Rh5 47. Bf6 Qg4 48. Rh1 Rxh1 49. Kxh1 d3 50. Bxg7 Qxg7 51. Qd5 Qh6+ 52. Kg2 d2 53. f4 exf4 54. Qf7+ Qg7 55. Qh5+ Kg8 1/2-1/2

[Event "Ruhrgebiet Bezirksliga 17/18"]
[Site "Ruhrgebiet"]
[Date "2018.04.08"]
[Round "9.1"]
[White "Grube, Frank"]
[Black "Ruewe, Diethelm"]
[Result "1/2-1/2"]
[WhiteElo "1835"]
[BlackElo "1784"]
[PlyCount "40"]
[EventDate "2017.09.03"]
[EventType "team-tourn"]
[EventRounds "9"]
[EventCountry "GER"]
[SourceTitle "EXT 2022"]
[Source "ChessBase"]
[SourceDate "2021.10.06"]
[SourceVersion "1"]
[SourceVersionDate "2021.10.06"]
[SourceQuality "1"]
[WhiteTeam "Unna SV"]
[BlackTeam "Hamm SG Caissa"]
[WhiteTeamCountry "GER"]
[BlackTeamCountry "GER"]

1. d4 c5 2. e3 e6 3. Nf3 cxd4 4. exd4 Nc6 5. c4 d5 6. Nc3 h6 7. Be2 Nf6 8. 0-0 Be7 9. Bf4 a6 10. a3 0-0 11. c5 Bd7 12. Bd3 Nh5 13. Be3 f5 14. Ne5 Nxe5 15. dxe5 Be8 16. Be2 f4 17. Bd4 Rf5 18. Bg4 g6 19. Bxf5 gxf5 20. b4 Ng7 1/2-1/2

[Event "Ruhrgebiet Bezirksliga 17/18"]
[Site "Ruhrgebiet"]
[Date "2017.09.03"]
[Round "1.1"]
[White "Ruewe, Diethelm"]
[Black "Lampe, Thomas"]
[Result "0-1"]
[WhiteElo "1784"]
[BlackElo "1968"]
[PlyCount "66"]
[EventDate "2017.09.03"]
[EventType "team-tourn"]
[EventRounds "9"]
[EventCountry "GER"]
[SourceTitle "EXT 2022"]
[Source "ChessBase"]
[SourceDate "2021.10.06"]
[SourceVersion "1"]
[SourceVersionDate "2021.10.06"]
[SourceQuality "1"]
[WhiteTeam "Hamm SG Caissa"]
[BlackTeam "Werl Wickede SG"]
[WhiteTeamCountry "GER"]
[BlackTeamCountry "GER"]

1. g3 g6 2. Bg2 Bg7 3. e4 c5 4. c3 Nc6 5. Ne2 e5 6. 0-0 Nge7 7. d3 0-0 8. Be3 d6 9. Nd2 b5 10. a4 Qb6 11. b4 a5 12. bxc5 dxc5 13. axb5 Qxb5 14. Nc4 Be6 15. Rb1 Qa6 16. Rb6 Qa7 17. Bxc5 Bxc4 18. dxc4 Rfd8 19. Qa4 Qc7 20. Rfb1 Rd2 21. Bf1 Nd8 22. R6b5 Nec6 23. Be3 Rd3 24. Rd5 Rxe3 25. fxe3 Bh6 26. Rd3 Ne6 27. Qa3 Qa7 28. Rbd1 Nc5 29. Rd6 Nxe4 30. Rxc6 Qxe3+ 31. Kg2 Qf2+ 32. Kh3 Ng5+ 33. Kh4 Qxh2+ 0-1